000 00398nam a2200169Ia 4500
008 230524s9999 xx 000 0 und d
020 _a9788179927946
082 _bSHA
100 _aRobin Sharma
_917550
245 0 _aDaily Inspiration
250 _a1
260 _a New Delhi
_bJaico
_c2015
300 _a365p;
500 _aQuantity Number: 1
650 _aMisalliance
_941753
942 _cBK
999 _c56200
_d56200